[Event "Schleswig Holstein-ch Seniors op 11th"]
[Site "Buesum"]
[Date "2017.09.08"]
[Round "1"]
[White "Woelfert, Juergen"]
[Black "Strobel, Walter"]
[Result "0-1"]
[WhiteElo "1860"]
[BlackElo "2189"]
[PlyCount "112"]
[EventDate "2017.09.08"]
[EventType "swiss"]
[EventRounds "9"]
[EventCountry "GER"]
[SourceTitle "EXT 2019"]
[Source "ChessBase"]
[SourceDate "2018.10.10"]
[SourceVersion "1"]
[SourceVersionDate "2018.10.10"]
[SourceQuality "1"]

1. c4 Nf6 2. Nf3 c6 3. Nc3 d5 4. cxd5 cxd5 5. d4 Nc6 6. e3 Bf5 7. Bd3 Bxd3 8. Qxd3 e6 9. Bd2 Be7 10. Rc1 0-0 11. 0-0 Rc8 12. Rfe1 a6 13. a3 Na5 14. e4 Nb3 15. Rcd1 dxe4 16. Nxe4 Qd5 17. Nc3 Qc4 18. Be3 Rfd8 19. Qb1 Nd5 20. Ne4 Qc2 21. Rd3 Qxb1 22. Rxb1 Na5 23. h3 b5 24. b4 Nc4 25. Nc5 Bf6 26. Nd2 Nxd2 27. Rxd2 Rc6 28. g4 h6 29. Kg2 Nb6 30. Ne4 Be7 31. g5 Nc4 32. Rd3 Nxe3+ 33. fxe3 hxg5 34. Rb2 f5 35. Ng3 Bf6 36. Rbd2 Rcd6 37. Nh5 Be7 38. Ng3 g6 39. Ne2 Rc8 40. Rc3 Rxc3 41. Nxc3 Bf6 42. Rd3 e5 43. a4 e4 44. Rd2 Kf7 45. axb5 axb5 46. Nxb5 Rb6 47. Nc7 Rxb4 48. d5 Rb2 49. Rxb2 Bxb2 50. Nb5 Ke7 51. Kf2 f4 52. Nc7 Bc1 53. Ne6 Bxe3+ 54. Ke2 Kf6 55. Nd8 Bb6 56. Nc6 f3+ 0-1

[Event "Berlin Lichtenberger op 15th"]
[Site "Berlin"]
[Date "2016.08.13"]
[Round "1"]
[White "Woelfert, Juergen"]
[Black "Neumann, Thomas"]
[Result "1-0"]
[WhiteElo "1834"]
[BlackElo "2151"]
[PlyCount "77"]
[EventDate "2016.08.13"]
[EventType "swiss"]
[EventRounds "9"]
[EventCountry "GER"]
[SourceTitle "CBM 173 Extra"]
[Source "ChessBase"]
[SourceDate "2016.08.29"]
[SourceVersion "1"]
[SourceVersionDate "2016.08.29"]
[SourceQuality "1"]

1. c4 e6 2. g3 d5 3. Bg2 c6 4. Nf3 f5 5. 0-0 Nf6 6. b3 Nbd7 7. Bb2 Bc5 8. e3 0-0 9. d3 Qe7 10. a3 dxc4 11. bxc4 e5 12. d4 Bd6 13. Qb3 c5 14. Nxe5 Nxe5 15. dxe5 Bxe5 16. Nc3 Rb8 17. Rad1 Kh8 18. Rd3 Be6 19. Rfd1 b5 20. Nxb5 Bxb2 21. Rd6 Be5 22. Ra6 Ne4 23. f4 Nc3 24. a4 Nxb5 25. axb5 Bf6 26. Rdd6 Bf7 27. Qa3 Rfc8 28. Bd5 Bxd5 29. Rxd5 Qe4 30. Qb3 Rd8 31. Rc6 Rxd5 32. cxd5 Bd8 33. Re6 Bb6 34. Rxe4 fxe4 35. Qc4 Re8 36. Kf2 g6 37. Qc3+ Kg8 38. Qf6 c4 39. Qc6 1-0

[Event "Berlin-ch Seniors op 32nd"]
[Site "Berlin"]
[Date "2016.02.03"]
[Round "8"]
[White "Woelfert, Juergen"]
[Black "Klevenow, Ursula"]
[Result "1-0"]
[WhiteElo "1774"]
[BlackElo "1632"]
[PlyCount "141"]
[EventDate "2016.01.26"]
[EventType "swiss"]
[EventRounds "9"]
[EventCountry "GER"]
[SourceTitle "EXT 2019"]
[Source "ChessBase"]
[SourceDate "2018.10.10"]
[SourceVersion "1"]
[SourceVersionDate "2018.10.10"]
[SourceQuality "1"]

1. e4 e6 2. d4 d5 3. e5 c5 4. c3 Nc6 5. Nf3 Qb6 6. Bd3 cxd4 7. cxd4 Bb4+ 8. Nc3 Nge7 9. 0-0 Bd7 10. Na4 Qc7 11. a3 Ba5 12. b4 Bb6 13. Bb2 0-0 14. Rc1 Qd8 15. Bxh7+ Kh8 16. Bb1 Nf5 17. Bxf5 exf5 18. Qd2 f6 19. Nc5 Bxc5 20. Rxc5 Be6 21. Nh4 Qe8 22. f4 Qh5 23. Qe1 g5 24. fxg5 fxg5 25. Nf3 Rf7 26. h4 gxh4 27. Qxh4 Qxh4 28. Nxh4 Rg8 29. Rf4 Rfg7 30. Rc2 Rg4 31. Rcf2 Rxf4 32. Rxf4 Rg4 33. Rxg4 fxg4 34. Ng6+ Kg7 35. Nf4 Kf7 36. Kf2 Ne7 37. a4 a6 38. a5 Bf5 39. Ne2 Nc6 40. Bc3 Kg6 41. Nf4+ Kf7 42. Nxd5 Be6 43. Ne3 Ne7 44. g3 Nd5 45. Nxd5 Bxd5 46. Ke3 Ke6 47. Kf4 Bf3 48. d5+ Bxd5 49. Kxg4 Be4 50. Kg5 Bd3 51. g4 Bc2 52. Kh6 Kf7 53. g5 Bb3 54. g6+ Kg8 55. Bd4 Be6 56. Bb6 Bd5 57. Bd8 Be6 58. Bf6 Bd5 59. Kg5 Bb3 60. Kf4 Bc2 61. g7 Bb3 62. Ke3 Ba4 63. Kd4 Bc6 64. e6 Bb5 65. Kc5 Bc6 66. Kd6 Bb5 67. Kc7 Bc6 68. Kd8 Bb5 69. e7 Kf7 70. g8Q+ Kxg8 71. e8Q+ 1-0

[Event "Berlin Lichtenberger op 14th"]
[Site "Berlin"]
[Date "2015.08.15"]
[Round "1"]
[White "Kapr, Klaus"]
[Black "Woelfert, Juergen"]
[Result "1/2-1/2"]
[WhiteElo "2035"]
[BlackElo "1776"]
[PlyCount "61"]
[EventDate "2015.08.15"]
[EventType "swiss"]
[EventRounds "9"]
[EventCountry "GER"]
[SourceTitle "EXT 2016"]
[Source "ChessBase"]
[SourceDate "2015.10.08"]
[SourceVersion "1"]
[SourceVersionDate "2015.10.08"]
[SourceQuality "1"]

1. e4 e6 2. d4 d5 3. Nc3 Bb4 4. Bd2 Nf6 5. e5 Bxc3 6. bxc3 Ne4 7. Bd3 c5 8. Bxe4 dxe4 9. Qg4 0-0 10. Bh6 g6 11. Bxf8 Qxf8 12. Ne2 Bd7 13. 0-0 f5 14. exf6 Qxf6 15. Ng3 cxd4 16. cxd4 e5 17. Nxe4 Qf4 18. Qe2 Nc6 19. g3 Qf7 20. d5 Nd4 21. Qd3 Bh3 22. f4 Kg7 23. fxe5 Qxd5 24. c3 Qb5 25. Rf7+ Kg8 26. Qxd4 Qb2 27. Rg7+ Kxg7 28. e6+ Kh6 29. Qe3+ Kg7 30. Qd4+ Kh6 31. Qe3+ 1/2-1/2

[Event "Berlin Lieb Memorial 1st"]
[Site "Berlin"]
[Date "2015.05.21"]
[Round "1"]
[White "Woelfert, Juergen"]
[Black "Jahnz, Fabian"]
[Result "0-1"]
[WhiteElo "1788"]
[BlackElo "2221"]
[PlyCount "50"]
[EventDate "2015.05.21"]
[EventType "swiss"]
[EventRounds "7"]
[EventCountry "GER"]
[SourceTitle "EXT 2022"]
[Source "ChessBase"]
[SourceDate "2021.10.06"]
[SourceVersion "1"]
[SourceVersionDate "2021.10.06"]
[SourceQuality "1"]

1. e4 e5 2. Nf3 Nc6 3. Bc4 Bc5 4. c3 Nf6 5. d3 d6 6. 0-0 0-0 7. Bb3 a6 8. h3 Ba7 9. Be3 h6 10. Nbd2 Ne7 11. d4 Ng6 12. Qe2 Qe7 13. Bc2 Nh5 14. dxe5 Nhf4 15. Qd1 dxe5 16. Kh2 Rd8 17. Qe1 Bxh3 18. g3 Ng2 19. Qe2 Nxe3 20. fxe3 Bxf1 21. Rxf1 Rd6 22. Nc4 Rf6 23. Rd1 Qe6 24. Kg2 Qg4 25. Rd2 Rxf3 0-1